Disney jumble Quiz Stats

 Plays Quiz not verified by Sporcle

Score 0/20 Timer 06:00
0 Plays Today
Anagram Disney character % Correct
Teerp NapPeter Pan
90.8%
Wosn HitewSnow White
90.1%
LelebBelle
89.6%
Hojn MihtsJohn Smith
89.1%
RascScar
88.5%
Nanahh NomnataHannah Montana
87.5%
Yikcem sumoeMickey mouse
84.8%
LieraAriel
84.6%
DellinercaCinderella
82.9%
Yarm NipspopMary Poppins
81.2%
Anagram Disney character % Correct
BamisSimba
77.4%
MasejinJasmine
72.8%
Crinpe GarhmincPrince Charming
72.1%
GliwmoMowgli
68.7%
DalindaAladdin
66%
BodmuDumbo
65.5%
BlinkrelteTinkerbell
58.5%
LescruehHercules
50.3%
Yort ToblonTroy Bolton
43.8%
Yaphars NavesSharpay Evans
19.5%

You're not logged in!

Compare scores with friends on all Sporcle quizzes.
OR
Log In

Show Comments

Extras

Top Quizzes Today


Score Distribution

Your Account Isn't Verified!

In order to create a playlist on Sporcle, you need to verify the email address you used during registration. Go to your Sporcle Settings to finish the process.

Report this User

Report this user for behavior that violates our Community Guidelines.

Details: